| 000 | 00323nam a2200097Ia 4500 | ||
|---|---|---|---|
| 008 | 160725s9999 xx 000 0 und d | ||
| 100 | _aJimenez, Ana Maria Y. | ||
| 245 | _aReflective commentaries of three teaching/ learning events. | ||
| 260 |
_bKaizen Research Journal College of Nursing _cSeptember 2012 |
||
| 650 | _aNURSING | ||
| 999 |
_c298017 _d298017 |
||